000
00296nam a2200121Ia 4500
008
190216s9999||||xx |||||||||||||| ||und||
100
_a
Rabindranath Tagore
245
0
_a
Lover`S Gift And Crossing
260
_b
Mac Millian And Com. Ltd
_c
1965
300
_a
117p
650
_a
Poetry
942
_c
BK
999
_c
11554
_d
11554